| 000 | 01055nam a22003377a 4500 | ||
|---|---|---|---|
| 001 | BR2022000796 | ||
| 003 | BR-BrBNA | ||
| 005 | 20230928105658.0 | ||
| 007 | ta | ||
| 008 | 230509b bl.||||| |||| 00| 0 por d | ||
| 020 | _a978-85-98081-63-2 | ||
| 040 |
_aBR-BrBNA _bpor _cBiblioteca Nacional de Agricultura |
||
| 041 | _a(Por) | ||
| 072 | _aD50; F40; P01 | ||
| 090 | _ D50 BR2022000796 | ||
| 100 | 1 | _aZaquia, M.J. | |
| 100 | 1 | _aPinto, L.F.G. | |
| 110 | 1 |
_aInstituto de Manejo e Certificação Florestal e Agrícola, Piracicaba, SP (Brasil) _96054 |
|
| 110 | 1 |
_aInstituto de Pesquisas e Estudos Florestais, Piracicaba, SP (Brasil) _96160 |
|
| 245 | 1 | _aGuia para aplicação da nova lei florestal em imóveis rurais | |
| 250 | 1 | _a2. ed. | |
| 260 | 3 |
_aPiracicaba, SP (Brasil): _c2014. |
|
| 300 | _a36 p. | ||
| 500 | _a4 ref.; 22 illus.; 8 tables | ||
| 650 | _aLEGISLAÇÃO FLORESTAL | ||
| 650 | _aPROPRIEDADE RURAL | ||
| 650 | _aCADASTRO RURAL | ||
| 650 | _aRESERVA FLORESTAL | ||
| 909 |
_a202309 _bLucia _c55 _dLucia Elande |
||
| 942 | _cBK | ||
| 999 |
_c86164 _d86164 |
||